000 01233nam a2200337 i 4500
003 DO-SdBNP
005 20250224131329.0
007 ta
008 231002e1972 dr ||||| |||| 00| f spa d
040 _aDO-SdBNP
_bspa
_cBNPHU
_erda
041 _aspa
082 4 _a843.914
_bA384m 1972
_222
100 1 _aAlexis, Jacques Stephen,
_d1922-1961
_927794
_eautor
_4aut.
240 1 _aCompre General Soleil
_hEspañol
245 1 0 _aMi compadre el General Sol /
_cJaquez Stephen Alexis ; tradución del francés, Aida Aisenson.
250 _aSegunda edición
264 1 _aSanto Domingo :
_bEditora Taller,
_c1972.
300 _a296 páginas ;
_c21 cm
336 _atexto
_btxt
_2rdacontent
337 _asin mediación
_bn
_2rdamedia
338 _avolumen
_bnc
_2rdacarrier
490 0 _aBiblioteca Taller
_v2
500 _aIncluye datos biográficos del autor en las páginas I-VIII
500 _aLa primera edición (francés): 1955 y la Segunda edición en español: 1957
546 _aTítulo original Compre General Soleil
590 _aInventariado 2023 / MF
650 7 _aNovela haitiana
_93196
_2LEMB
650 7 _aLiteratura haitiana
_93197
_2LEMB
700 1 _aAisenson, Aida,
_etraductor
_984333
_4tr.
942 _2ddc
_cLBS1
999 _c55038
_d55038